Engaging characters : (Record no. 27412)

MARC details
000 -LEADER
fixed length control field 01557cam a2200337 a 4500
001 - CONTROL NUMBER
control field 2543983
005 - DATE AND TIME OF LATEST TRANSACTION
control field 20190421135049.0
008 - FIXED-LENGTH DATA ELEMENTS--GENERAL INFORMATION
fixed length control field 941129r20041995enka frb 001 0 eng d
010 ## - LIBRARY OF CONGRESS CONTROL NUMBER
LC control number 94045551
020 ## - INTERNATIONAL STANDARD BOOK NUMBER
International Standard Book Number 0198182406 (acidb-sfree paper)
020 ## - INTERNATIONAL STANDARD BOOK NUMBER
International Standard Book Number 019818347X (pbk)
020 ## - INTERNATIONAL STANDARD BOOK NUMBER
International Standard Book Number 9780198183471
040 ## - CATALOGING SOURCE
Original cataloging agency DLC
Language of cataloging eng
Transcribing agency DLC
Modifying agency DLC
-- EG-ScBUE
082 04 - DEWEY DECIMAL CLASSIFICATION NUMBER
Classification number 791.4301
Item number SMI
Edition number 22
100 1# - MAIN ENTRY--PERSONAL NAME
Personal name Smith, Murray
Fuller form of name (Murray Stuart),
Dates associated with a name 1962-
245 10 - TITLE STATEMENT
Title Engaging characters :
Remainder of title fiction, emotion, and the cinema /
Statement of responsibility, etc Murray Smith.
250 ## - EDITION STATEMENT
Edition statement Reprinted ed.
260 ## - PUBLICATION, DISTRIBUTION, ETC. (IMPRINT)
Place of publication, distribution, etc Oxford ;
-- New York :
Name of publisher, distributor, etc Clarendon Press / Oxford University Press,
Date of publication, distribution, etc 2004.
300 ## - PHYSICAL DESCRIPTION
Extent viii, 265 p. :
Other physical details ill. ;
Dimensions 24 cm.
504 ## - BIBLIOGRAPHY, ETC. NOTE
Bibliography, etc Includes bibliographical references (p. [243]-254) and index.
520 ## - SUMMARY, ETC.
Summary, etc Thrillers, horror movies and melodramas evoke characteristic kinds of emotional response, yet emotion is not much examined by film or literary theory. This work discusses emotional responses to films, integrating them into a theory of identification with characters in films and literature.
650 #7 - SUBJECT ADDED ENTRY--TOPICAL TERM
Topical term or geographic name as entry element Motion pictures
General subdivision Psychological aspects.
Source of heading or term BUEsh
650 #7 - SUBJECT ADDED ENTRY--TOPICAL TERM
Topical term or geographic name as entry element Identification (Psychology)
Source of heading or term BUEsh
650 #7 - SUBJECT ADDED ENTRY--TOPICAL TERM
Topical term or geographic name as entry element Motion picture audiences.
Source of heading or term BUEsh
651 ## - SUBJECT ADDED ENTRY--GEOGRAPHIC NAME
Source of heading or term BUEsh
653 ## - INDEX TERM--UNCONTROLLED
Resource For college Communication and mass media
Arrived date list April2019
655 ## - INDEX TERM--GENRE/FORM
Form subdivision Reading book
856 42 - ELECTRONIC LOCATION AND ACCESS
Materials specified Publisher description
Uniform Resource Identifier <a href="http://www.loc.gov/catdir/enhancements/fy0606/94045551-d.html">http://www.loc.gov/catdir/enhancements/fy0606/94045551-d.html</a>
856 42 - ELECTRONIC LOCATION AND ACCESS
Materials specified Contributor biographical information
Uniform Resource Identifier <a href="http://www.loc.gov/catdir/enhancements/fy0725/94045551-b.html">http://www.loc.gov/catdir/enhancements/fy0725/94045551-b.html</a>
942 ## - ADDED ENTRY ELEMENTS (KOHA)
Source of classification or shelving scheme Dewey Decimal Classification
Holdings
Withdrawn status Item status Source of classification or shelving scheme Damaged status Not for loan Vendor Home library Current library Shelving location Date acquired Source of acquisition Cost, normal purchase price Total Checkouts Full call number Barcode Date last seen Cost, replacement price Koha item type
    Dewey Decimal Classification     Baccah Central Library Central Library Lower Floor 21/04/2019 Purchase 750.00   791.4301 SMI 000044620 24/08/2022 937.50 Book - Borrowing